LEADER 01323oam 2200469zu 450 001 9911019573603321 005 20210807004036.0 010 $a0-470-77893-8 010 $a0-470-77229-8 010 $a0-470-77239-5 035 $a(CKB)2500000000001617 035 $a(SSID)ssj0000353958 035 $a(PQKBManifestationID)11270487 035 $a(PQKBTitleCode)TC0000353958 035 $a(PQKBWorkID)10302743 035 $a(PQKB)11476426 035 $a(EXLCZ)992500000000001617 100 $a20160829d1990 uy 101 0 $aeng 181 $ctxt 182 $cc 183 $acr 200 04$aThe Chemistry of enols 210 31$a[Place of publication not identified]$cWiley$d1990 225 0 $aThe Chemistry of functional groups The Chemistry of enols 300 $aBibliographic Level Mode of Issuance: Monograph 311 $a0-471-91720-6 606 $aEnols 606 $aOrganic Chemistry$2HILCC 606 $aChemistry$2HILCC 606 $aPhysical Sciences & Mathematics$2HILCC 615 0$aEnols. 615 7$aOrganic Chemistry 615 7$aChemistry 615 7$aPhysical Sciences & Mathematics 676 $a547/.63 702 $aRappoport$b Zvi 801 0$bPQKB 906 $aBOOK 912 $a9911019573603321 996 $aThe Chemistry of enols$94420157 997 $aUNINA LEADER 02460nam2 22004813i 450 001 RAV0122964 005 20251003044325.0 100 $a20020326d1989 ||||0itac50 ba 101 | $aita 102 $ait 181 1$6z01$ai $bxxxe 182 1$6z01$an 183 1$6z01$anc$2RDAcarrier 200 1 $aGuido Dorso e i problemi della società meridionale$fintroduzione di Antonio Maccanico 210 $aAvellino$cCentro Dorso$d1989 215 $aXV, 511 p.$d23 cm 300 $aIn testa al front.: Centro di ricerca Guido Dorso 300 $aAtti del Convegno tenuto ad Avellino, 22-24 ottobre 1987 311 $aN. 3 (1987-1988)$9CFI0035535 461 0$1001CFI0035535$12001 $aAnnali ...$fCentro di ricerca Guido Dorso 606 $aDorso, Guido$xCongressi$x1987$2FIR$3LO1C223567$9I 676 $a320.092$9SCIENZA POLITICA. Persone$v23 676 $a320.50924$9IDEOLOGIE POLITICHE. BIOGRAFIE$v20 686 $aSe.i.15.0$cStoria dell'economia italiana. La questione meridionale. Opere generali$2F 686 $aSe.i.15.4$cStoria dell'economia italiana. La questione meridionale. Le forze politiche "i meridionalisti"$2F 696 $aConvegni$aCongressi e convegni 699 $aCongressi$yConvegni 699 $aCongressi$yCongressi e convegni 702 1$aMaccanico$b, Antonio$3RAVV050592 710 12$aConvegno di studi su Guido Dorso e i problemi della società meridionale$f <1987$e ; Avellino>$3RAVV050591$4070$01264515 801 3$aIT$bIT-000000$c20020326 850 $aIT-BN0095 $aIT-AV0172 $aIT-AV0137 $aIT-AV0011 $aIT-AV0003 $aIT-AV0007 $aIT-CE0127 $aIT-AV0045 $aIT-BN0015 $aIT-NA0097 $aIT-AV0089 901 $bNAP AH$cSALASTUDIO$nEx sala studio, ora secondo piano 901 $bNAP MV$cP $nSALA BIBLIOGRAFIA 901 $bNAP CT$cF. CORVESE$nFondo Centro F. Daniele-ICSR Vera Lombardi. Dono di Felicio Corvese 901 $bNAP AV$cSEZ. PROV.$nSezione Provinciale 901 $bNAP 94$cSAGGISTICA$n$ 901 $bNAP PB$cSEZ LOCALE$n$ 912 $aRAV0122964 950 2$aBiblioteca Centralizzata di Ateneo$cv. 1; 2.1;3$d 01POZZO LIB.F. BENCARDINO 187$e 01 0000083885E VMA (0003 v. 3$fB $h20220616$i20221122 977 $a 01$a 14$a 94$a AH$a AR$a AV$a CT$a MV$a PB$a SP$a VE 996 $aGuido Dorso e i problemi della società meridionale$92965051 997 $aUNISANNIO